000
00367nam a22001577a 4500
003
MPLRDC
005
20220104113940.0
008
210129b ||||| |||| 00| 0 eng d
082
_a
848.2 ZXF-9
100
_a
张晓风主编
245
_a
音乐教室
_c
260
_a
_b
新文学出版社
_c
300
_b
平
650
_a
现代别集
942
_c
BK
_o
848.2 ZXF-9
999
_c
3618
_d
3608